Hamilton Satisfied lyrics part 1 - Statistics

General Stats
  • This quiz has been taken 761 times
  • The average score is 374 of 500
Answer Stats
Answer % Correct
A
99%
a
99%
I
98%
to
98%
To
98%
the
97%
The
97%
you
97%
You
97%
you.
97%
be
96%
for
96%
satisfied.
96%
that
96%
That
96%
your
96%
by
95%
my
95%
My
95%
and
94%
groom.
94%
is
94%
Is
94%
sister
94%
sister.
94%
sister,
94%
So
94%
so
94%
who
94%
Angelica
93%
bride.
93%
never
93%
of
93%
Alexander,
92%
Alexander
92%
Ha!
92%
always
91%
From
91%
from?
91%
from
91%
he
91%
I'm
91%
May
91%
night
91%
toast
91%
when
91%
in
90%
it
90%
it,
90%
it.
90%
just
90%
remember
90%
what
90%
like
89%
side.
89%
days.
88%
"hi"
88%
hope
88%
no
88%
union
88%
as
87%
boy
87%
rest
87%
eyes
86%
face.
86%
face
86%
forget
86%
have
86%
might
86%
provide.
86%
time
86%
time.
86%
me
85%
me,
85%
me?
85%
win
85%
been
84%
I'll
84%
name,
84%
name
84%
same.
84%
same
84%
Schuyler.
84%
Schuyler,
84%
Schuyler?
84%
Schuyler
84%
but
83%
first
83%
saw
83%
every
82%
about.
81%
about
81%
boys
81%
know
81%
our
81%
soldier
81%
this
81%
those
81%
Rewind.
80%
said,
80%
said
80%
praise.
79%
regret
79%
right?
79%
then
79%
Then,
79%
Where
79%
can't
78%
dream
78%
family
78%
family,
78%
forgot
78%
Hamilton.
78%
mean,
78%
mean
78%
over
78%
Intelligent
77%
give
76%
honor,
76%
maid
76%
seat
76%
themselves
76%
has
75%
You're
75%
heart
74%
trippin'
74%
Where's
74%
million
73%
place,
73%
set
73%
strike
73%
things
73%
dang
72%
done,
72%
don't
72%
game.
72%
haven't
72%
not
72%
there's
72%
wait,
72%
wait.
72%
woman
72%
yourself.
72%
quite
71%
that's
71%
aflame,
70%
candlelight
70%
feels
70%
frame
70%
I've
70%
up
70%
see
69%
talkin'
69%
Unimportant,
69%
with
69%
part
68%
Alright,
67%
alright
67%
hell
67%
match
67%
It's
66%
it's
66%
someone
66%
sure
66%
three
66%
two
66%
two,
66%
at
64%
catch?
64%
Ben
62%
feeling
62%
conversation
60%
Franklin
60%
key
60%
kite,
60%
light.
60%
level,
59%
maybe
59%
minutes,
59%
we
59%
lasted
58%
freedom,
56%
his
54%
His
54%
hunger-pang
54%
now
54%
seein'
52%
total
52%
wits
52%
dreamlike
51%
Everyone
51%
everything
51%
bit
50%
He's
50%
he's
50%
flirt,
49%
agreement.
48%
chance.
47%
hands
47%
one,
47%
one
47%
asked
46%
dance.
46%
did
46%
answer?
45%
does
45%
penniless,
45%
penniless.
45%
Helpless
43%
him
43%
Imma
43%
pants.
43%
posture,
43%
flying
41%
she
41%
stance.
41%
all
40%
Handsome,
40%
looked
40%
are
39%
even
39%
fuzz
39%
grow
39%
Peach
39%
sister's
38%
started
37%
away
35%
far
35%
take
35%
fidgeting,
34%
realize
34%
turn
34%
her
33%
life.
33%
Eliza,
32%
wanna
32%
exact
31%
fundamental
31%
truths
31%
askance.
30%
change
29%
taking
29%
girl
28%
Number
28%
way.
27%
father
26%
marry
26%
rich.
26%
job
25%
only
25%
world
25%
lead
24%
means,
24%
oldest
24%
sons
23%
want
23%
which
23%
climb
22%
New
22%
social
22%
wittiest
22%
York
22%
City
21%
gossip
21%
any
20%
less.
20%
'cause
19%
doesn't
18%
insidious
17%
meet
17%
Elizabeth
16%
I'd
16%
why
16%
introduce
15%
pleasure
15%
aside
13%
elevates
13%
status.
13%
after
12%
naive
12%
No matching quizzes found
Score Distribution
Percent of People with Each Score
Percentile by Number Answered
Your Score History
You have not taken this quiz